000 00884cam a2200229 a 4500
001 000011193
005 20200929162402.0
008 810320s1978 pr b 001 0bspa
040 _aDO-SdBNP
_cDLC
_dDLC
043 _anwpr---
082 _a610.77295
_aA662d
100 1 _aArana Soto, Salvador,
_d1908-1993
_926756
245 1 3 _aEl Dr. José Espaillat y la ensenanza médica en Puerto Rico :
_bcon datos biograficos de los Dres. Oller, Vargas y el Lic. Antique /
_cSalvador Arana Soto.
260 _aSan Juan de Puerto Rico :
_bÁrtes Gráficas Medinaceli,
_c1978.
300 _a188 p. ;
_c21 cm.
504 _aIncluye referencias bibliográficas.
600 1 0 _aESPAILLAT, JOSÉ
_d1777-1850.
_926757
650 4 _aMédicos
_zPuerto Rico
_xBiografía
_926758
650 4 _aMedicina
_zPuerto Rico
_xHistoria
_ySIGLO XIX
_926759
910 _aCatalogación por copia / LC
049 _aBNGR
999 _c10914
_d10914